| 000 | 00876nam a2200277Ia 4500 | ||
|---|---|---|---|
| 003 | PE SENCICO BE | ||
| 005 | 20251020182503.0 | ||
| 008 | 200515s9999 xx 000 0 und d | ||
| 020 | _a978-958-720-023-2 | ||
| 040 |
_aPE SENCICO BE _cPE SENCICO BE |
||
| 041 | _aspa | ||
| 082 |
_a625.725 _bA31 |
||
| 100 | 1 |
_aAgudelo Ospina, John Jairo _9788 _eautor |
|
| 245 | 1 | 0 |
_aDiseño computarizado de carreteras / _cJohn Jairo Agudelo Ospina |
| 250 | _a1a ed. | ||
| 260 |
_aMedellín _bFondo Editorial Universidad EAFIT, _c2008 |
||
| 300 |
_a343 p. : _bil., diagrs., _c24 cm. |
||
| 504 | _aBibliografía: p. 343. | ||
| 650 | 1 | 4 |
_aCarreteras _9352 |
| 650 | 2 | 4 |
_aIngeniería de carreteras _9311 |
| 650 | 2 | 4 |
_aDiseño asistido por computador _9218 |
| 650 | 2 | 4 |
_aDiseño geométrico de carreteras _9220 |
| 650 | 2 | 4 |
_aConstrucción _9177 |
| 942 |
_cLIB _2ddc |
||
| 999 |
_c1200 _d1200 |
||